000 00486nam a2200145Ia 4500
008 100122s9999 xx 000 0 und d
082 _b70601
_a294.5
100 _aगोखले गो सी
245 _aसहज बोलणे हितउपदेश
260 _bचैतन्योपासना
_c2006
300 _a199
630 _aसहज बोलणे हितउपदेश
730 _aसहज बोलणे हितउपदेश
942 _cBOOK
999 _c441454
_d441451